Những vần thơ từ Côn Đảo (Thơ)

Guardat en:
Dades bibliogràfiques
Format: Llibre
Idioma:Undetermined
Publicat: Bà Rịa Vũng Tàu Ban Tuyên giáo Huyện ủy Côn Đảo, tỉnh Bà Rịa Vũng Tàu 2009
Matèries:
Etiquetes: Afegir etiqueta
Sense etiquetes, Sigues el primer a etiquetar aquest registre!
Thư viện lưu trữ: Trung tâm Học liệu Trường Đại học Cần Thơ
LEADER 00572nam a2200169Ia 4500
001 CTU_165524
008 210402s9999 xx 000 0 und d
082 |a 895.9221 
082 |b Nh556 
245 0 |a Những vần thơ từ Côn Đảo (Thơ) 
245 0 |c Nhiều tác giả 
260 |a Bà Rịa Vũng Tàu 
260 |b Ban Tuyên giáo Huyện ủy Côn Đảo, tỉnh Bà Rịa Vũng Tàu 
260 |c 2009 
650 |a Vietnamese poetry,Thơ Việt Nam 
910 |a Nguêyn 
980 |a Trung tâm Học liệu Trường Đại học Cần Thơ